| 000 | 01814nam0a2200433 4500 | ||
|---|---|---|---|
| 001 | RU\NLR\BIBL_A\012489567 | ||
| 005 | 20210622142700.0 | ||
| 010 |
_a978-5-04-099057-3 _92000 |
||
| 021 |
_aRU _bКН-П-21-043147 _9КН-П-21-3405 |
||
| 021 |
_aRU _bКН-П-20-075098 _9КН-П-20-5656 |
||
| 035 | _a(NLR Aleph) 012489567 | ||
| 035 | _a(RuMoRGB)010491700 | ||
| 090 |
_a12172093 _c12172093 |
||
| 100 | _a20210329d2021 u y0rusy50 ca | ||
| 101 | 1 |
_arus _ceng |
|
| 102 | _aRU | ||
| 105 | _aa|||zzzz0||zy | ||
| 181 | 0 |
_ai1 _baxxe |
|
| 182 | 0 | _an | |
| 200 | 1 |
_aПривычки миллионеров _eпринципы денежного мышления _fДин Грациози _gперевод с английского Д. Шалаевой |
|
| 203 |
_aТекст _bвизуальный _cнепосредственный |
||
| 210 |
_aМосква _cЭксмо _d2021 [т.е. 2020] |
||
| 215 |
_a334, [1] с. _cил. _d22 |
||
| 225 | 1 |
_aБизнес _iЛучший мировой опыт |
|
| 300 | _aЗагл. и авт. также на англ. яз.: Millionaire success habits / Dean Graziosi | ||
| 300 | _aКн. фактически изд. в 2020 г. | ||
| 320 | _aУказ. в конце кн. | ||
| 333 | _a16+ | ||
| 517 | 1 |
_6z66790 _aMillionaire success habits |
|
| 606 | 1 |
_aУспех _xСоциально-психологические исследования _2nlr_sh1 _2nlr_sh2 _3RU\NLR\AUTH\661249276 |
|
| 606 | 1 |
_aДеньги _xСоциально-психологические исследования _2nlr_sh1 _2nlr_sh2 _3RU\NLR\AUTH\66366636 |
|
| 686 | 1 | _aС550.354 | |
| 686 | 1 | _aС550.423 | |
| 700 | 1 |
_aГрациози _bД. _gДин |
|
| 790 | 1 |
_6z66517 _aGraziosi _bD. _gDean |
|
| 942 | _cBOOK | ||
| 980 | _aNB | ||